[Event "Varginha Mineiro-ch"]
[Site "Varginha"]
[Date "2019.11.16"]
[Round "4"]
[White "Sampaio, Andre Luiz"]
[Black "Ramos, Eduardo Pereira"]
[Result "1-0"]
[WhiteElo "1724"]
[BlackElo "1264"]
[PlyCount "63"]
[EventDate "2019.11.14"]
[EventType "swiss"]
[EventRounds "7"]
[EventCountry "BRA"]
[SourceTitle "CBM 193 Extra"]
[Source "ChessBase"]
[SourceDate "2020.01.31"]
[SourceVersion "1"]
[SourceVersionDate "2020.01.31"]
[SourceQuality "1"]

1. d4 Nf6 2. Nf3 g6 3. Bg5 Bg7 4. e3 d6 5. Nbd2 0-0 6. c3 c5 7. Be2 Nc6 8. 0-0 a5 9. a4 Bd7 10. Qb3 Qc7 11. Rfd1 b6 12. Rac1 Rfb8 13. Bh4 Be6 14. Qc2 Qc8 15. Ng5 Na7 16. Nxe6 Qxe6 17. Bf3 d5 18. c4 Rd8 19. Bxf6 Bxf6 20. Bxd5 Rxd5 21. cxd5 Qxd5 22. dxc5 Rc8 23. Nf3 Qe6 24. Nd4 Qg4 25. h3 Qh5 26. c6 Bxd4 27. Rxd4 Rxc6 28. Rc4 Rc5 29. Rxc5 bxc5 30. Qxc5 Qe2 31. Qxa7 Qxb2 32. Qc5 1-0

[Event "Sudeste/Centro-Oeste-ch U1600"]
[Site "Barbacena"]
[Date "2019.10.26"]
[Round "4"]
[White "Araujo, Barbara Ribeiro"]
[Black "Ramos, Eduardo Pereira"]
[Result "1/2-1/2"]
[WhiteElo "1464"]
[BlackElo "1800"]
[PlyCount "118"]
[EventDate "2019.10.25"]
[EventType "swiss"]
[EventRounds "6"]
[EventCountry "BRA"]
[SourceTitle "CBM 193 Extra"]
[Source "ChessBase"]
[SourceDate "2020.01.31"]
[SourceVersion "1"]
[SourceVersionDate "2020.01.31"]
[SourceQuality "1"]

1. c4 Nf6 2. Nc3 g6 3. d3 Bg7 4. g3 0-0 5. Bg2 c5 6. a3 a5 7. Bd2 d6 8. Nf3 Bd7 9. 0-0 Nc6 10. Rb1 b6 11. b4 axb4 12. axb4 Nxb4 13. Nb5 Nc6 14. Ne1 Qc8 15. Nc3 Ra6 16. Nc2 Bh3 17. Ne3 Bxg2 18. Kxg2 Qb7 19. Kg1 Rfa8 20. Ncd5 Nd4 21. Bc3 Nxd5 22. Bxd4 cxd4 23. Nxd5 e6 24. Nb4 Ra5 25. Nc2 d5 26. e3 dxe3 27. Nxe3 Qc6 28. Qf3 Rc5 29. Rfc1 b5 30. Qe2 Ra4 31. Qc2 bxc4 32. dxc4 d4 33. Qd2 Qc7 34. Qd1 dxe3 35. Qxa4 exf2+ 36. Kf1 Bd4 37. Qe8+ Kg7 38. Rb8 Rxc4 39. Rd1 Rc1 40. Qh8+ Kh6 41. Qxd4 Rxd1+ 42. Qxd1 Qxb8 43. Qd2+ Kg7 44. Qd4+ Kg8 45. Qxf2 Qb1+ 46. Kg2 Qe4+ 47. Kg1 h5 48. Qf6 Qf5 49. Qd8+ Kg7 50. Qd4+ e5 51. Qe3 g5 52. Qe2 Kg6 53. Qa6+ f6 54. Qb5 e4 55. Qe8+ Kg7 56. Qe7+ Kg8 57. Qe8+ Kh7 58. Qf7+ Kh8 59. Qf8+ Kh7 1/2-1/2